| 000 | 01464nam0a2200313 i 4500 | ||
|---|---|---|---|
| 001 | RU\NLR\bibl\1968061 | ||
| 005 | 20260607054544.0 | ||
| 010 |
_a9785877890688 _9300 |
||
| 021 |
_aRU _b2012-82048 _96074 |
||
| 035 | _a(NLR Aleph) 001956946 | ||
| 090 |
_a3772560 _c3772560 |
||
| 100 | _a20121116d2012 u y0rusy50 ca | ||
| 101 | 0 | _arus | |
| 102 | _aRU | ||
| 105 | _aa ||||||||| | ||
| 200 | 1 |
_aКамешки из-под колес _e[сборник] _fАталия Беленькая |
|
| 210 |
_aМосква _cЗнак _d2012 |
||
| 215 |
_a390, [1] с. _cил., портр. _d21 |
||
| 300 | _aВ конце кн. авт.: А.С. Беленькая, педагог, журналист, писатель | ||
| 327 | 0 | _aСодерж.: разделы: Были и былинки; Рассказы: С красивым жить не запретишь; Якорек; Камешки из-под колес; Розовые коготки; В утреннем тумане; Айвовое варенье; Пусть ангел скажет тихое слово (сказка); Нежность; Заметки кинозрителя | |
| 686 | _aШ6(2=Р)8-44 | ||
| 700 | 1 |
_4070 _7ca _8rus _aБеленькая _bА. С. _gАталия Семеновна _926101 _3RU\NLR\auth\7743158 |
|
| 801 | 0 |
_aRU _bNLR _c20121116 _gRCR |
|
| 801 | 1 |
_aRU _bNLR _c20121116 |
|
| 830 | _aавт. по кн. | ||
| 942 | _cBOOK | ||
| 980 | _aNBR | ||